090_ Personnalités nées un 31 mars par images - Statistiques

Statistiques générales
  • Ce quiz a été pris 35 fois
  • Le résultat moyen est 4 sur 9
Statistiques - réponses
Par images Hint Réponse % Correct
Youtubeur Seb
82%
Compositeur Jean-Sébastien Bach
68%
Écrivain et Journaliste Yann Moix
62%
Acteur Ewan McGregor
50%
Scientifique René Descartes
50%
Musicien Angus Young
29%
Politicien Al Gore
12%
Compositeur Joseph Haydn
9%
Acteur Richard Chamberlain
6%
Aucun quiz correspondant
Distribution des résultats
% des personnes avec chaque résultat
Percentile par nombre de réponses
Votre historique - résultats
Vous n’avez pas pris ce quiz